000 00438nam a2200181Ia 4500
003 LK-CoDNM
008 010623t1961 xxu||||| |||| 00| 1 sin d
040 _aLK-CoDNM
_dLK-CoDNM
_eLK-CoDNM
041 _asin
080 _a8 C PIY
100 _aPiyasena, T.H.
245 _aරජබස
246 _aRaja basa
260 _bD.P.Dodangoda Company Ltd
_aMoratuwa
_c1961
300 _b205, 18 cm
650 _aLiterature
942 _cBK
999 _c105753
_d105753